İzmir'de edebiyat ve fikir hareketleri üzerine araştırmalar (Record no. 344)

MARC details
000 -BAŞLIK
Sabit Uzunlukta Kontrol Alanı 00837na a2200277 4500
001 - KONTROL NUMARASI
Denetim Alanı 15104
003 - KONTROL NUMARASI IDENTIFIER
Denetim Alanı MIRAKIL
005 - SON İŞLEM TARİHİ VE ZAMANI
Denetim Alanı 20181213154745.0
008 - SABİT-BOY VERİ ELEMANLARI - GENEL BİLGİLER
Sabit Uzunlukta Kontrol Alanı 161008b tu 000 0
020 ## - ULUSLARARASI STANDART KİTAP NUMARASI
Uluslararası Standart Kitap Numarası 9751800919
035 ## - SİSTEM KONTROL NUMARASI
Sistem Kontrol Numarası 15104
040 ## - KATALOGLAMA KAYNAK
Orijinal Kataloglama Ajansı Milas
Kataloglama Dili tur
Metne Dönüştürmek Ajansı TR-AnCHP
082 ## - DEWEY ONLU SINIFLANDIRMA NUMARASI
Sınıflandırma Numarası 956.211
Ürün Numarası H89i
090 ## - SINIFLAMA NUMARASI
Sınıflama Numarası 956.211 H89i 2004
100 ## - ANA GİRİŞ - KİŞİSEL İSİM
Kişisel Ad Huyugüzel, Ö. Faruk
Bir Adıyla İlişkilendirilen Tarihler 1948 -
222 ## - ANAHTAR ADI
Anahtar Başlık İzmir
245 ## - BAŞLIK TABLOSU
Başlık İzmir'de edebiyat ve fikir hareketleri üzerine araştırmalar
Sorumluluk Tablosu, Vb Ö. Faruk Huyugüzel
260 ## - YAYIN, DAĞITIM, VB
Yayın, Dağıtım, Vb Yeri İzmir
Yayıncı, Dağıtıcı, Vs Adı İzmir Büyükşehir Belediyesi
Yayın, Dağıtım, Vb Tarihi 2004
300 ## - FİZİKSEL TANIM
Kapsam 271 s.
Diğer Fiziksel Ayrıntıları res.
Boyutlar 24 sm.
490 ## - SERİSİ TABLOSU
Seri Beyanı İzmir Büyükşehir Belediyesi Kent Kitaplığı dizisi
Hacim / Ardışık Tanımı 46
504 ## - KAYNAKÇA VB NOT
Kaynakça Vb Notu Dizin var.
650 ## - KONU KATMA GİRİŞ - TOPİKAL DÖNEM
Topikal Süreli Veya Coğrafi Ad Giriş Elemanı İzmir
Genel Alt Bölümü Edebiyat
Kronolojik Alt Bölümü Araştırma
651 ## - KONU KATMA GİRİŞ - COĞRAFİ ADI
Coğrafi İsim İzmir
Genel Alt Bölümü Edebiyat
Kronolojik Alt Bölümü Tarih
651 ## - KONU KATMA GİRİŞ - COĞRAFİ ADI
Coğrafi İsim İzmir
Genel Alt Bölümü Tarih
942 ## - EKLENDİ GİRİŞ ELEMANLARI (KOHA)
Sınıflandırma Veya Raf Düzeni Kaynak
Koha Öğesi Türü Books
999 ## - SİSTEM KONTROL NUMARALARI (KOHA)
Koha Biblionumber 344
Koha Biblioitemnumber 344
Holdings
Kalıcı Konum Mevcut Konum Edinme Tarihi Edinim Kaynak Toplam Check-Out'Lar Tam Çağrı Numarası Barkod Tarih Son Görülme İtibaren Geçerli Fiyatlar Koha Öğesi Türü
CHP Kütüphanesi CHP Kütüphanesi 09/03/2016 Bağış   956.211 H89i 2004 002870 09/03/2016 09/03/2016 Books